Statistics for Greatest U. S. Enemies

Click here to take the quiz!

General Stats

  • This quiz has been taken 193 times
  • The average score is 15 of 20

Answer Stats

HintEnemy% Correct
The country ruled by Vladimir PutinRussia
99%
Greatest economy in the worldChina
97%
The country ruled by NazisGermany
96%
The country that invaded in KuwaitIraq
95%
Taliban rules hereAfghanistan
93%
The country from which the United States separatedUnited Kingdom
93%
Islamic RepublicIran
91%
The country that invaded in USA in 1941Japan
89%
Ally of Nazi GermanyItaly
87%
This country really likes bombsNorth Korea
85%
First communist stateSoviet Union
85%
USA supports rebels in this countrySyria
76%
Here was the soviet bombsCuba
75%
This country has conflicts with IsraelPalestine
75%
Nicolas Maduro rules hereVenezuela
65%
This country had the green flagLibya
63%
This country lose the American Civil WarConfederate States of America
45%
The country from which the south broke awaySudan
43%
NATO bombed this countryYugoslavia
43%
This country rules by military juntaMyanmar
35%

Score Distribution

Percentile by Number Answered

Percent of People with Each Score

Your Score History

You have not taken this quiz